000 00570nam a22001695i 4500
001 54475
003 ES-MaACL
007 t|
008 960724s1889 fr ||||1| fre d
040 _aCAM
_bspa
_cCAM
100 1 _aFouillée, Alfred,
_d1838-1912
_951939
245 1 3 _aLa morale, l'art et la religion d'après M. Guyau /
_cpar Alfred Fouillée.
260 _aParis :
_bFélix Alcan,
_c1889 (
_eSaint-Cloud :
_fimprimerie Ve. Eug. Belin et fils)
300 _aVII, [1] en bl., 196, [3] p. ;
_c22 cm.
852 _aES-MaACL
_jB-6399
999 _c54475
_d54475